Canine Gastro-Intestinal Parasite At Koh Khsach Tonlea Commune, Saang District, Kandal Province, បរាសិតក្នុងក្រពះពោះវៀនសុនខ នៅឃុំកោះខ្សាច់ទន្លា ស្រុកស្អាង ខេត្តកណ្ដាល. (Record no. 25569)

000 -LEADER
fixed length control field 00592nam a22001217a 4500
040 ## - CATALOGING SOURCE
Transcribing agency RUA
082 ## - DEWEY DECIMAL CLASSIFICATION NUMBER
Classification number VEM CHE 2025 B705 Or.1
100 ## - MAIN ENTRY--AUTHOR NAME
Personal name CHEN KENG, ជិន កេង
245 ## - TITLE STATEMENT
Title Canine Gastro-Intestinal Parasite At Koh Khsach Tonlea Commune, Saang District, Kandal Province, បរាសិតក្នុងក្រពះពោះវៀនសុនខ នៅឃុំកោះខ្សាច់ទន្លា ស្រុកស្អាង ខេត្តកណ្ដាល.
260 ## - PUBLICATION, DISTRIBUTION, ETC. (IMPRINT)
Place of publication PHNOM PENH
Name of publisher RUA
Year of publication 2025
300 ## - PHYSICAL DESCRIPTION
Number of Pages x, 55p.
Other physical details ill.
Dimensions 29cm.
942 ## - ADDED ENTRY ELEMENTS (KOHA)
Koha item type សារណាបទ
952 ## - LOCATION AND ITEM INFORMATION (KOHA)
Withdrawn status [LOCAL, KOHA] 0
952 ## - LOCATION AND ITEM INFORMATION (KOHA)
Withdrawn status [LOCAL, KOHA] 0
Holdings
Permanent Location Date acquired Koha item type Lost status Shelving location Barcode Current Location Full call number
Library Block B2026-03-12សារណាបទ B705C034407Library Block BVEM CHE 2025 B705 Or.1
Library Block B2026-03-12សារណាបទ B705C034511Library Block BVEM CHE 2025 B705 Or.2
មជ្ឈមណ្ឌលឯការនៃសាកលវិទ្យាល័យភូមិន្ទកសិកម្មចំការដូង

Powered by Koha